[Event "Summer Cup"]
[Site "Wellington Chess Club"]
[Date "2018.01.25"]
[Round "1.17"]
[White "He, Paul"]
[Black "Farrington, Lawrence"]
[Result "0-1"]
[WhiteElo "1183"]
[BlackElo "1800"]

1. Nf3 d5 2. c4 e6 3. d4 Nf6 4. Nc3 Bb4 5. Bg5 Bxc3+ 6. bxc3 h6 7. Bh4 b6 8. e3
Bb7 9. cxd5 exd5 10. Bd3 O-O 11. O-O Qd6 12. Bg3 Qd8 13. Bh4 Nbd7 14. Re1 Re8
15. Qb3 c6 16. c4 Rc8 17. cxd5 cxd5 18. Rac1 Qe7 19. Bb5 Qe6 20. Ne5 Rf8 21.
Nxd7 Nxd7 22. Qa4 Nf6 23. Qxa7 Ba8 24. Rxc8 Rxc8 25. Bxf6 Qxf6 26. Bd7 Rd8 27.
Rc1 Qd6 28. Rc8 Rxc8 29. Bxc8 Qc6 30. g3 Qxc8 31. Qxb6 Kh7 32. Qa7 f6 33. a4
Qb7 34. Qxb7 Bxb7 35. Kg2 Kg6 36. Kf3 Kf5 37. g4+ Ke6 38. h4 Kd6 39. Kf4 Bc8
40. g5 Kc6 41. gxf6 gxf6 42. e4 dxe4 43. Kxe4 Bd7 44. a5 Kb5 45. Kd5 Kxa5 46.
Kd6 Bg4 47. Ke7 Kb6 48. Kxf6 h5 49. f4 Kc6 50. Ke5 Kd7 51. d5 Ke7 52. f5 Bd1
53. f6+ Kf7 54. d6 Ba4 55. Kf5 Be8 56. Kg5 Ke6 57. d7 Kxd7 58. Kf5 Kd6 59. f7
Bxf7 60. Kf6 Be8 61. Kf5 Kd5 62. Kf4 Kd4 63. Kf3 Ke5 64. Ke3 Kf5 65. Kf3 Bc6+
66. Kg3 Ke4 67. Kg2 Kf4+ 68. Kh3 Bd7+ 69. Kg2 Kg4 70. Kh2 Kxh4 71. Kg2 Kg4 72.
Kh2 h4 73. Kg2 h3+ 74. Kh2 Kh4 75. Kg1 Kg3 76. Kh1 Be6 77. Kg1 h2+ 0-1

[Event "Summer Cup"]
[Site "Wellington Chess Club"]
[Date "2018.01.25"]
[Round "1.18"]
[White "Day, Fabian"]
[Black "Kierstead, James"]
[Result "1-0"]
[WhiteElo "1784"]
[BlackElo "1143"]

1. e4 c5 2. d4 cxd4 3. c3 dxc3 4. Nxc3 Nc6 5. Nf3 d6 6. Bc4 Nf6 7. e5 dxe5 8.
Qxd8+ Nxd8 9. Nb5 Rb8 10. Nxe5 e6 11. Nc7+ Ke7 12. O-O Kd6 13. Nb5+ Kxe5 14.
f4+ Kf5 15. Bd3+ Ne4 16. g4+ Kf6 17. Bxe4 Bc5+ 18. Kg2 a6 19. Nc3 b6 20. Rd1
Bb7 21. Rd7 Nc6 22. g5# 1-0

[Event "Summer Cup"]
[Site "Wellington Chess Club"]
[Date "2018.01.25"]
[Round "1.19"]
[White "Winsley, Nicholas"]
[Black "Rabina, Romeo"]
[Result "0-1"]
[WhiteElo "1000"]
[BlackElo "1767"]

1. e4 b6 2. d4 e6 3. Nc3 Bb7 4. Nf3 Bb4 5. Bd3 d6 6. a3 Bxc3+ 7. bxc3 Nd7 8.
Bf4 Ngf6 9. O-O Bxe4 10. Bxe4 Nxe4 11. Re1 Nxc3 12. Qd2 Nd5 13. c4 Nxf4 14.
Qxf4 Qf6 15. Qe4 O-O 16. Qc6 Qd8 17. Rad1 Nf6 18. c5 Qd7 19. Qxd7 Nxd7 20. cxd6
cxd6 21. Rc1 Rac8 22. Ng5 Nf6 23. h3 Nd5 24. Ne4 Nf4 25. Nxd6 Rxc1 0-1

[Event "Summer Cup"]
[Site "Wellington Chess Club"]
[Date "2018.02.01"]
[Round "2.01"]
[White "Ker, Anthony"]
[Black "Benitez, Edgar"]
[Result "1-0"]
[WhiteElo "2488"]
[BlackElo "1819"]

1. e4 e5 2. Nf3 Nc6 3. Bc4 Bc5 4. c3 Nf6 5. d4 exd4 6. cxd4 Bb4+ 7. Nbd2 O-O 8.
d5 Ne7 9. O-O d6 10. Qc2 Ba5 11. Nb3 Bb6 12. Bg5 Ng6 13. a4 a5 14. Rfe1 h6 15.
Be3 Bg4 16. Nfd4 Re8 17. h3 Bd7 18. Bd3 Ne5 19. Bf1 Ng6 20. Nd2 Rc8 21. Nb5
Bxe3 22. Rxe3 Qe7 23. Nxc7 Bxa4 24. Qxa4 Rxc7 25. Qxa5 Rec8 26. Qb4 Ne5 27. Qd4
Nh5 28. g3 g5 29. Be2 Rc1+ 30. Rxc1 Rxc1+ 31. Nf1 Nf4 32. gxf4 gxf4 33. Rc3
Qg5+ 34. Kh2 f3 35. Bxf3 Qf4+ 36. Kg2 Rxf1 37. Kxf1 Nxf3 38. Qe3 Nd2+ 39. Ke2
Qxe3+ 40. Kxe3 Nf1+ 41. Ke2 Nh2 42. Rg3+ Kf8 43. Rg2 1-0

[Event "Summer Cup"]
[Site "Wellington Chess Club"]
[Date "2018.02.01"]
[Round "2.02"]
[White "Winter, Ryan"]
[Black "Dive, Russell"]
[Result "0-1"]
[WhiteElo "1814"]
[BlackElo "2443"]

1. e4 c6 2. d4 d5 3. exd5 cxd5 4. c4 Nf6 5. Nc3 g6 6. Qb3 Bg7 7. cxd5 O-O 8.
Be2 Nbd7 9. Bf3 Nb6 10. Nge2 Bg4 11. Bxg4 Nxg4 12. a4 Qd7 13. a5 Nc8 14. O-O
Nd6 15. h3 Nf6 16. Be3 Rad8 17. Nf4 Nf5 18. Rfe1 h5 19. Nd3 Nd6 20. Nc5 Qf5 21.
Nxb7 Rb8 22. a6 Rfc8 23. Ra4 Nde4 24. Nb5 Nxd5 25. Nxa7 Rc7 26. Ra5 e6 27. Nb5
Rcxb7 28. axb7 Rxb7 29. Qc2 Kh7 30. Nc3 Nexc3 31. Qxf5 gxf5 32. bxc3 Nxc3 33.
Kh2 Nd5 34. g3 Rb2 35. Kg1 h4 36. Ra4 hxg3 37. fxg3 Nc3 38. Rc4 Ne2+ 39. Rxe2
Rxe2 40. Bf2 Kg6 41. Kg2 Ra2 42. Kf3 Ra3+ 43. Kg2 Bh6 44. Rc6 Rd3 45. Rb6 Rd2
46. Kf3 Bg7 47. Rb4 Rd3+ 48. Ke2 Ra3 49. Rb6 Ra5 (49... Ra2+ 50. Ke1 Rxf2 51.
Kxf2 Bxd4+) 50. Rc6 Bf6 51. Rc7 Bd8 52. Rc6 Be7 53. Kf3 Ra3+ 54. Ke2 Rb3 55.
Ra6 Rb5 56. Kf3 Bd8 57. Rc6 Bb6 58. Rc4 Rb3+ 59. Kg2 Ba7 60. Rc6 Rb2 61. Kf3
Rd2 62. Rd6 Bb8 63. Rb6 Bc7 64. Rc6 Bd8 65. Ra6 Rd3+ 66. Kg2 Be7 67. Rc6 Ba3
68. Rb6 Bc1 69. Rc6 Bb2 70. Rd6 Kf6 71. Rc6 Rd2 72. Rc4 Rd3 73. Rc6 Bxd4 74.
Rc2 Bxf2 75. Kxf2 f4 76. gxf4 Rxh3 77. Rc5 Rd3 78. Re5 Rd5 79. Re3 Kf5 80. Kg3
f6 81. Rb3 Ke4 82. Rb6 Rd3+ 83. Kf2 Kf5 84. Rb4 Ra3 {White lost on time :(} 0-1

[Event "Summer Cup"]
[Site "Wellington Chess Club"]
[Date "2018.02.01"]
[Round "2.03"]
[White "Timergazi, Layla"]
[Black "Stoeveken, Peter"]
[Result "1-0"]
[WhiteElo "2133"]
[BlackElo "1814"]

1. d4 Nf6 2. c4 e6 3. Nc3 d5 4. Nf3 Be7 5. e3 a6 6. Bd3 Nbd7 7. O-O O-O 8. b3
c5 9. Bb2 cxd4 10. exd4 dxc4 11. bxc4 b6 12. Ne2 Bb7 13. Ng3 Bd6 14. Ne5 Qe7
15. f4 Ba3 16. Bc3 Bb4 17. Bxb4 Qxb4 18. Kh1 Qd6 19. Rc1 Kh8 20. Ne2 Rad8 21.
Qe1 Be4 22. Bxe4 Nxe4 23. Qh4 Nef6 24. Rc3 h6 25. Kg1 Ng8 26. Qxd8 1-0

[Event "Summer Cup"]
[Site "Wellington Chess Club"]
[Date "2018.02.01"]
[Round "2.04"]
[White "Farrington, Lawrence"]
[Black "Croad, Nicolas"]
[Result "0-1"]
[WhiteElo "1800"]
[BlackElo "2407"]

1. e4 c5 2. c3 d5 3. exd5 Qxd5 4. d4 e6 5. Nf3 Nf6 6. Bd3 Nc6 7. Be3 cxd4 8.
cxd4 Be7 9. Nc3 Qd6 10. h3 O-O 11. O-O b6 12. Ne4 Nxe4 13. Bxe4 Ba6 14. Re1
Rac8 15. a3 Rfd8 16. Rc1 Bf6 17. Qa4 Bb7 18. Red1 Qd7 19. Rc4 a6 20. Qc2 Nb4
21. Bxh7+ Kh8 22. axb4 Rxc4 23. Qxc4 Kxh7 24. Qd3+ Kg8 25. Ne1 Qd5 26. f3 Rc8
27. Nc2 Be7 28. Bd2 Bd6 29. Bc3 Qg5 30. Qe3 Qg6 31. Qe2 Qg3 32. Qf2 Qh2+ 33.
Kf1 Bd5 34. Ke2 Bb3 35. Rd2 Bc4+ 36. Kd1 Bg3 37. Qe3 Qh1+ 38. Ne1 Bb3+ 39. Rc2
Bxc2+ 40. Kxc2 Qxe1 41. Qd3 b5 42. Kb3 Qa1 43. Kc2 0-1

[Event "Summer Cup"]
[Site "Wellington Chess Club"]
[Date "2018.02.01"]
[Round "2.05"]
[White "Sellen, Ian"]
[Black "Sole, Michael"]
[Result "1/2-1/2"]
[WhiteElo "2067"]
[BlackElo "1801"]

1. c4 b6 2. Nf3 Bb7 3. d4 e6 4. Nc3 Bb4 5. Bg5 Ne7 6. e3 O-O 7. Bd3 f5 8. O-O
Bxc3 9. bxc3 d6 10. Nd2 h6 11. Bxe7 Qxe7 12. f4 e5 13. Qe1 e4 14. Be2 Nc6 15.
Nb3 Ba6 16. a4 Qf7 17. d5 Na5 18. Nxa5 bxa5 19. Qd2 c5 20. dxc6 Bxc4 21. Bxc4
Qxc4 22. Qxd6 Qxc3 23. Rfe1 Rad8 24. Qe6+ Kh8 25. Rac1 Qb2 26. c7 Rd2 27. Qg6
Rc8 28. Rc6 Re2 29. Rf1 Qd2 30. Re6 Qxe3+ 31. Kh1 Qf2 32. Re8+ Rxe8 33. Qxe8+
Kh7 34. Qg8+ Kxg8 35. c8=Q+ Kh7 36. Qxf5+ Kh8 1/2-1/2

[Event "Summer Cup"]
[Site "Wellington Chess Club"]
[Date "2018.02.01"]
[Round "2.06"]
[White "Rossiter, Philip"]
[Black "Day, Fabian"]
[Result "1/2-1/2"]
[WhiteElo "1969"]
[BlackElo "1784"]

1. c4 g6 2. Nc3 c5 3. Nf3 Bg7 4. g3 e6 5. Bg2 Nc6 6. d3 Nge7 7. O-O O-O 8. Bg5
b6 9. Rb1 Bb7 10. a3 d5 11. Qc2 Qd7 12. e4 dxc4 13. dxc4 Nd4 14. Qd2 Nxf3+ 15.
Bxf3 Qxd2 16. Bxd2 Nc6 17. b4 cxb4 18. axb4 Nd4 19. Bg2 Rac8 20. Nb5 Rxc4 21.
Nd6 Rc2 22. Be3 Ba8 23. Rfd1 Ne2+ 24. Kf1 Nc3 25. Rdc1 Rxc1+ 26. Rxc1 Rd8 27.
Bd2 Rxd6 28. Bxc3 Bxc3 29. Rxc3 Rd8 30. b5 Kg7 31. Rc7 Rd4 32. Rxa7 Bxe4 33.
Bxe4 Rxe4 34. Rb7 Rb4 35. Rxb6 h5 36. h4 Kf6 37. Rb8 Ke5 38. b6 Rb2 39. Rb7 Kf6
40. Kg2 e5 41. Rb8 Ke7 42. b7 Kf6 43. Kf3 Kf5 44. Ke3 Rb3+ 45. Kd2 Ke4 46. Kc2
Rb6 47. Kc3 Kf3 48. Kc4 e4 49. Kc5 Rb1 50. Kd4 Rb4+ 51. Kc5 Rb1 52. Kd4 Rb4+
1/2-1/2

[Event "Summer Cup"]
[Site "Wellington Chess Club"]
[Date "2018.02.01"]
[Round "2.07"]
[White "Brockway, Andrew"]
[Black "Theodosiou, Andreas"]
[Result "1-0"]
[WhiteElo "1915"]
[BlackElo "1479"]

1. e4 e5 2. Nf3 Nc6 3. Bb5 Nge7 4. O-O a6 5. Ba4 b5 6. Bb3 d5 7. exd5 Nxd5 8.
Re1 Bg4 9. h3 (9. Nxe5 Bxd1 10. Nxc6+ Be7 11. Nxd8 Rxd8 12. Rxd1) 9... Bh5 10.
g4 Bg6 11. Nxe5 Nce7 12. Qf3 h5 13. Bxd5 hxg4 14. Bxf7+ (14. Qxf7+ Bxf7 15.
Bxf7# { (I only realised I had this flashy finish on the way to the car) } )
14... Bxf7 15. Qxf7# 1-0

[Event "Summer Cup"]
[Site "Wellington Chess Club"]
[Date "2018.02.01"]
[Round "2.08"]
[White "Darr, Samuel"]
[Black "Chen, Wei Kai"]
[Result "0-1"]
[WhiteElo "1545"]
[BlackElo "1879"]

1. e4 e5 2. Nf3 Nc6 3. Bc4 Bc5 4. d3 d6 5. h3 h6 6. Be3 Nf6 7. Nc3 O-O 8. O-O
Na5 9. Bxc5 dxc5 10. Nxe5 Qe7 11. Bxf7+ Rxf7 12. Nxf7 Qxf7 13. Qd2 Nc6 14. Rfe1
Qg6 15. Qe3 Nd4 16. Rac1 Be6 17. Qg3 Qf7 18. a3 Nh5 19. Qe5 Rf8 20. Rf1 Bxh3
21. Qd5 Be6 22. Qxc5 Nf3+ 23. Kh1 b6 24. Qe3 Ng3+ 25. fxg3 Qh5# 0-1

[Event "Summer Cup"]
[Site "Wellington Chess Club"]
[Date "2018.02.01"]
[Round "2.09"]
[White "Nyberg, Michael"]
[Black "Bennett, Ezra"]
[Result "1-0"]
[WhiteElo "2149"]
[BlackElo "1427"]

1. d4 Nf6 2. c4 g6 3. Nc3 Bg7 4. g3 c6 5. Bg2 O-O 6. e4 d6 7. Nge2 Be6 8. b3 a6
9. O-O Bc8 10. Qc2 Re8 11. Bb2 e5 12. Rad1 c5 13. dxc5 Nbd7 14. cxd6 Ng4 15.
Nd5 Re6 16. Nc7 Rxd6 17. Nxa8 Rc6 18. Nc3 Bf8 19. Nd5 Bc5 20. Qe2 Ndf6 21. Ne3
Qa5 22. Nxg4 Nxg4 23. Qd2 Qxa2 24. Qd8+ Kg7 25. Nc7 Qxb2 26. Ne8+ Kh6 27. Qh4#
1-0

[Event "Summer Cup"]
[Site "Wellington Chess Club"]
[Date "2018.02.01"]
[Round "2.10"]
[White "Sole, Christopher"]
[Black "Jackson, Ross"]
[Result "0-1"]
[WhiteElo "1147"]
[BlackElo "2013"]

1. e4 c5 2. Nf3 d6 3. d4 cxd4 4. Nxd4 Nf6 5. Nc3 a6 6. Be3 Ng4 7. Qd2 Nxe3 8.
Qxe3 g6 9. O-O-O Bg7 10. Bc4 O-O 11. Bb3 Nc6 12. Nce2 Na5 13. f3 Nxb3+ 14. Qxb3
e5 15. g4 exd4 16. Nxd4 Qg5+ 17. Kb1 Qc5 18. Qd3 b5 19. c3 Rd8 20. Rd2 Be6 21.
b3 Rac8 22. Kc2 Qa3 23. Ra1 d5 24. exd5 Rxd5 25. Qe3 Rdc5 26. Rd3 Bxd4 27. Qxd4
Bxb3+ 28. Kd2 Qb2+ 0-1

[Event "Summer Cup"]
[Site "Wellington Chess Club"]
[Date "2018.02.01"]
[Round "2.11"]
[White "Aldridge, Alan"]
[Black "Hall, Nathan"]
[Result "0-1"]
[WhiteElo "1946"]
[BlackElo "1559"]

1. d4 e6 2. Nf3 d5 3. Bf4 c5 4. e3 Nc6 5. Be2 Nf6 6. O-O Be7 7. Nbd2 a6 8. a4
c4 9. c3 Bd7 10. h3 O-O 11. Qc2 Re8 12. e4 b5 13. axb5 axb5 14. Ne5 b4 15. Bf3
b3 16. Qb1 Rxa1 17. Qxa1 Bd6 18. Nxc6 Bxc6 19. e5 Be7 20. exf6 Bxf6 21. Qa6 Qd7
22. Qa1 Ra8 23. Qb1 Ra2 24. Re1 h6 25. Be5 Be7 26. Nf1 Bf8 27. Ne3 Qa7 28. Nxc4
dxc4 29. Bxc6 Ba3 30. Kf1 Bxb2 31. d5 Bxc3 32. Qxa2 Qxa2 33. Bxc3 b2 34. Bxb2
Qxb2 35. d6 Qd4 36. d7 c3 37. Kg1 Kf8 38. Ba4 c2 39. Bxc2 Qxd7 40. Rd1 Qc7 41.
Ba4 g6 42. Rd7 Qc1+ 43. Rd1 Qc4 44. Bd7 Ke7 45. Kh2 Qc2 46. Rd4 Qxf2 47. Rd3
Qe2 48. Rd4 Qe5+ 0-1

[Event "Summer Cup"]
[Site "Wellington Chess Club"]
[Date "2018.02.01"]
[Round "2.13"]
[White "Stracy, Don"]
[Black "Stannard, Bobby"]
[Result "1-0"]
[WhiteElo "1710"]
[BlackElo "1350"]

1. e4 c5 2. Nf3 Nc6 3. d4 d6 4. dxc5 dxc5 5. Qxd8+ Nxd8 6. Bb5+ Nc6 7. Ne5 Bd7
8. Nxd7 Kxd7 9. O-O e6 10. Nc3 Nf6 11. Be3 a6 12. Be2 h6 13. a3 Kc7 14. Rad1
Be7 15. f3 {I don't really understand the rest. White won in 33 moves} 1-0

[Event "Summer Cup"]
[Site "Wellington Chess Club"]
[Date "2018.02.01"]
[Round "2.17"]
[White "He, Paul"]
[Black "He, Caleb"]
[Result "0-1"]
[WhiteElo "1183"]
[BlackElo "1485"]

1. Nf3 Nf6 2. d4 d6 3. c4 g6 4. Nc3 Bg7 5. e4 O-O 6. Bd3 e5 7. d5 Nbd7 8. O-O
Nc5 9. Bc2 a5 10. Be3 b6 11. Bxc5 bxc5 12. Ba4 Bd7 13. Nb5 Nxe4 14. Qd3 Nf6 15.
Nd2 Bf5 16. Qc3 Qb8 17. Nb3 Qb6 18. a3 h5 19. Qg3 Bh6 20. Qh4 Ne4 21. g4 Bg5
22. Qh3 Bxg4 23. Qg2 Bf5 24. f3 Be3+ 25. Kh1 Nf6 26. f4 Bxf4 27. Rxf4 exf4 28.
Qg5 0-1

[Event "Summer Cup"]
[Site "Wellington Chess Club"]
[Date "2018.02.01"]
[Round "2.18"]
[White "Winsley, Nicholas"]
[Black "Stannard, Lars"]
[Result "1-0"]
[WhiteElo "1000"]
[BlackElo "1403"]

1. e4 e5 2. Nf3 Nc6 3. Bc4 h6 4. Nc3 Nf6 5. d3 Bc5 6. Qe2 d6 7. h3 a6 8. Be3
Bxe3 9. Qxe3 O-O 10. O-O-O Qe7 11. g4 Nh7 12. Rdg1 Nd4 13. Nxd4 exd4 14. Qxd4
Ng5 15. Rg3 Be6 16. h4 Bxc4 17. hxg5 Qxg5+ 18. Qe3 Qxe3+ 19. Rxe3 Be6 20. f4
Bxg4 21. f5 f6 22. Rg3 h5 23. Nd5 Rf7 24. Ne3 Raf8 25. Nxg4 Re7 26. Rxh5 b5 27.
Rgh3 Rfe8 28. Ne3 c6 29. c4 {White went on to win} 1-0

[Event "Summer Cup"]
[Site "Wellington Chess Club"]
[Date "2018.02.02"]
[Round "2.16"]
[White "Asher, Bruce"]
[Black "Meravanage, Satwik"]
[Result "0-1"]
[WhiteElo "1268"]
[BlackElo "1541"]

1. d4 d5 2. c4 e6 3. Nc3 Nf6 4. Nf3 Nbd7 5. e3 c6 6. Bd3 Be7 7. O-O O-O 8. b3
a6 9. h3 Qc7 10. c5 e5 11. dxe5 Nxe5 12. Nxe5 Qxe5 13. Qc2 Bxc5 14. Re1 Re8 15.
Bb2 Qg5 16. g4 Nxg4 17. hxg4 Bxg4 18. Bxh7+ Kf8 19. Qd2 Bf3+ 0-1

[Event "Summer Cup"]
[Site "Wellington Chess Club"]
[Date "2018.02.08"]
[Round "3.01"]
[White "Croad, Nicolas"]
[Black "Ker, Anthony"]
[Result "1-0"]
[WhiteElo "2407"]
[BlackElo "2488"]

1. e4 c5 2. Nf3 g6 3. d4 cxd4 4. Nxd4 Nc6 5. Nc3 Bg7 6. Be3 Nf6 7. Bc4 O-O 8.
Bb3 a5 9. O-O d6 10. h3 Nxd4 11. Bxd4 Bd7 12. Qe2 a4 13. Bc4 Qa5 14. a3 e5 15.
Be3 Bc6 16. Bg5 d5 17. Bxf6 dxc4 18. Bxg7 Kxg7 19. Qxc4 Rac8 20. Qb4 Qxb4 21.
axb4 b5 22. f3 Rfd8 23. Rfd1 f5 24. exf5 gxf5 25. Rxd8 Rxd8 26. Rd1 Rxd1+ 27.
Nxd1 Kf6 28. Kf2 f4 29. Nc3 Kf5 30. Nb1 e4 31. fxe4+ Kxe4 32. Na3 Bd7 33. c4
bxc4 34. Nxc4 Kd4 35. Na3 Bc6 36. g3 fxg3+ 37. Kxg3 Ke3 38. b5 Bd5 39. b6 Kd3
40. Kf4 Bg2 41. Ke5 Kd2 42. Kd4 h5 43. h4 Ba8 44. Kc5 Kc1 45. Nc4 Kc2 46. Kb4
Bc6 47. Na5 Ba8 48. Ka3 1-0

[Event "Summer Cup"]
[Site "Wellington Chess Club"]
[Date "2018.02.08"]
[Round "3.02"]
[White "Chen, Wei Kai"]
[Black "Timergazi, Layla"]
[Result "0-1"]
[WhiteElo "1879"]
[BlackElo "2133"]

1. b3 d5 2. Bb2 c5 3. e3 Nc6 4. Nf3 Bg4 5. Be2 e6 6. O-O Nf6 7. Na3 Bd6 8. c4
O-O 9. h3 Bh5 10. Nb5 Bb8 11. d4 a6 12. cxd5 Nxd5 13. Nc3 Qd6 14. dxc5 Qxc5 15.
Nxd5 exd5 16. Nd4 Qd6 17. g3 Bg6 18. Bf3 Ne5 19. Bg2 Nd3 20. Qe2 Rc8 21. Rfd1
Nxb2 22. Qxb2 Ba7 23. Rac1 Qe5 24. Qd2 Be4 25. Nf3 Qf6 26. Nd4 h6 27. Qb4 b5
28. Rc3 Bxd4 29. Rxd4 a5 30. Rxc8+ Rxc8 31. Qe1 Rc2 32. Bxe4 dxe4 33. Rd2 Rc3
34. Qe2 Qc6 35. Kg2 b4 36. Rd1 Rc2 37. Rd2 Rc1 38. Rd1 Qc2 39. Rd8+ Kh7 40.
Qxc2 Rxc2 41. Rd7 Kg6 42. Rd4 Rxa2 43. Rxe4 Ra3 44. Re5 Kf6 45. Rb5 Ke6 46. Kf3
Kd6 47. Ke4 Kc6 48. Rf5 f6 49. Kd4 Ra1 50. e4 Kb6 51. e5 Rd1+ 52. Kc4 Rc1+ 53.
Kd4 fxe5+ 54. Rxe5 Rd1+ 55. Kc4 Rc1+ 56. Kd4 Rc6 57. Rf5 Rc3 58. Rf7 Rxb3 59.
Rxg7 Rf3 60. Kc4 Rc3+ 61. Kd4 Rc6 62. Re7 a4 0-1

[Event "Summer Cup"]
[Site "Wellington Chess Club"]
[Date "2018.02.08"]
[Round "3.03"]
[White "Jackson, Ross"]
[Black "Brockway, Andrew"]
[Result "1/2-1/2"]
[WhiteElo "2013"]
[BlackElo "1915"]

1. d4 Nf6 2. c4 e6 3. Nf3 Bb4+ 4. Nc3 O-O 5. Qb3 Nc6 6. a3 Bxc3+ 7. Qxc3 h6 8.
e3 d6 9. Be2 Qe7 10. O-O a5 11. b3 e5 12. d5 Nb8 13. Bb2 Nbd7 14. Qc2 b6 15. e4
Nc5 16. Nd2 Bg4 17. f3 Bh5 18. b4 Ncd7 19. Bd3 Bg6 20. Rfe1 Nh5 21. g3 Qg5 22.
Nf1 f5 23. h4 Qf6 24. exf5 Bh7 25. Be4 Qf7 26. Kg2 Bxf5 27. Bxf5 Qxf5 28. Qxf5
Rxf5 29. Ne3 Rf7 30. Bc3 axb4 31. axb4 Rff8 32. Ng4 Nhf6 { (=) } 33. Nf2 Rfe8
34. g4 Kf7 35. Kg3 Nh7 36. Ne4 { (=) } 1/2-1/2

[Event "Summer Cup"]
[Site "Wellington Chess Club"]
[Date "2018.02.08"]
[Round "3.04"]
[White "Hall, Nathan"]
[Black "Sellen, Ian"]
[Result "1/2-1/2"]
[WhiteElo "1559"]
[BlackElo "2067"]

1. d4 d5 2. Bf4 c5 3. c3 Nc6 4. Nf3 e6 5. e3 Nf6 6. Nbd2 Nh5 7. Bg3 Be7 8. Qc2
Bd7 9. Bd3 cxd4 10. Nxd4 Nxd4 11. exd4 Nxg3 12. hxg3 h6 13. f4 b5 14. Nf3 Rc8
15. Ne5 b4 16. Bg6 O-O 17. Kf2 f5 18. Qe2 Be8 19. Bxe8 Qxe8 20. Qa6 Rf6 21.
cxb4 Bxb4 22. Rac1 Rf8 23. Qxa7 Bd2 24. Rxc8 Qxc8 25. Qd7 Bc1 26. Qxc8 Rxc8 27.
b3 Rc2+ 28. Kf3 Bb2 29. Rd1 Ba3 30. Rb1 Rxa2 31. b4 Bb2 32. Ke3 Ra3+ 33. Nd3
Bc3 34. b5 Ra8 35. b6 Ra4 36. b7 Bxd4+ 37. Ke2 Ba7 38. Nc5 Ra2+ 39. Kd3 Kf7 40.
Nd7 Ke7 41. b8=Q Bxb8 42. Nxb8 Rxg2 43. Rb7+ Kf6 44. Nd7+ Kg6 45. Ne5+ Kh7 46.
Re7 Rxg3+ 47. Kd4 h5 48. Rxe6 h4 49. Nf7 g6 50. Ng5+ Kh6 51. Re3 Rxg5 52. fxg5+
Kxg5 53. Kxd5 Kg4 54. Re1 h3 55. Rg1+ Kf3 56. Rxg6 h2 {Draw agreed} 1/2-1/2

[Event "Summer Cup"]
[Site "Wellington Chess Club"]
[Date "2018.02.08"]
[Round "3.05"]
[White "Sole, Michael"]
[Black "Rossiter, Philip"]
[Result "1-0"]
[WhiteElo "1801"]
[BlackElo "1969"]

1. e4 c5 2. Nf3 d6 3. d4 cxd4 4. Nxd4 Nf6 5. Nc3 a6 6. Be3 e6 7. g4 Nc6 8. g5
Nd7 9. h4 Qc7 10. h5 Be7 11. Bh3 Nde5 12. f4 Nc4 13. Bc1 b5 14. b3 b4 15. Na4
Nb6 16. Nxb6 Qxb6 17. Bb2 Bb7 18. Qd3 e5 19. Nf5 O-O 20. Nxe7+ Nxe7 21. f5 d5
22. Qg3 dxe4 23. O-O-O Qc5 24. g6 fxg6 25. hxg6 h6 26. Bxe5 Rac8 27. Rh2 Nxf5
28. Bxf5 Rxf5 29. Rhd2 Rff8 30. Bd6 Qa5 31. Bxf8 Qxa2 32. Qe5 Rxf8 33. Rd7 1-0

[Event "Summer Cup"]
[Site "Wellington Chess Club"]
[Date "2018.02.08"]
[Round "3.06"]
[White "Benitez, Edgar"]
[Black "Tagos, Bernardo"]
[Result "1-0"]
[WhiteElo "1819"]
[BlackElo "1496"]

1. d4 e6 2. Nf3 Nf6 3. Bg5 Be7 4. Nbd2 d5 5. e3 c6 6. Bd3 h6 7. Bh4 Nbd7 8. O-O
O-O 9. Qe2 Re8 10. e4 dxe4 11. Nxe4 Nd5 12. Bg3 N7f6 13. c4 Nxe4 14. Bxe4 Nf6
15. Bc2 Bd6 16. Rad1 Bxg3 17. fxg3 Qa5 18. a3 b6 19. Ne5 Bb7 20. Qd3 Kf8 21. b4
Qa6 22. Nxf7 Kxf7 23. Qg6+ Ke7 24. Qxg7+ Kd6 25. c5+ Kd5 26. Bb3+ Ke4 27. Qxf6
Qxf1+ 28. Qxf1 Ba6 29. Qf3# 1-0

[Event "Summer Cup"]
[Site "Wellington Chess Club"]
[Date "2018.02.08"]
[Round "3.07"]
[White "Stoeveken, Peter"]
[Black "Winsley, Nicholas"]
[Result "1-0"]
[WhiteElo "1814"]
[BlackElo "1000"]

1. d4 d5 2. Nf3 Nf6 3. Bg5 Bf5 4. Nbd2 Nc6 5. Bxf6 gxf6 6. c3 e5 7. dxe5 fxe5
8. Qb3 b6 9. e3 Qd6 10. Bb5 f6 11. Nh4 Bd7 12. Qd1 O-O-O 13. a4 Kb7 14. b4 d4
15. Ne4 Qe7 16. Qf3 dxc3 17. O-O c2 18. Nxf6 Qxb4 19. Nxd7 e4 20. Qf7 a6 21.
Bxc6+ Kxc6 22. Ne5+ Kb7 23. Nf5 Qc5 24. Qc4 Qxe5 25. Nd4 c5 26. Nxc2 Bd6 27. g3
h5 28. f4 exf3 29. Rxf3 Rdf8 30. Raf1 Rxf3 31. Rxf3 h4 32. Rf7+ Bc7 33. Qf4
Qxf4 34. gxf4 Kc6 35. Kf2 b5 36. axb5+ axb5 37. Kf3 b4 38. Ke2 b3 39. Na3 Ra8
40. Nc4 Kb5 41. Kd3 Ra4 42. Nb2 c4+ 43. Kd4 Bb6+ 44. Kc3 Ba5+ 45. Kd4 c3+ 46.
Nxa4 b2 47. Nxc3+ Kb4 48. Rb7+ Ka3 49. Rxb2 Kxb2 50. Nd5 Kb3 51. f5 Bd8 52. f6
1-0

[Event "Summer Cup"]
[Site "Wellington Chess Club"]
[Date "2018.02.08"]
[Round "3.08"]
[White "He, Caleb"]
[Black "Winter, Ryan"]
[Result "0-1"]
[WhiteElo "1485"]
[BlackElo "1814"]

1. e4 c6 2. d4 d5 3. Nc3 dxe4 4. Nxe4 Nd7 5. Ng5 Ngf6 6. Bd3 e6 7. N1f3 Bd6 8.
h3 h6 9. Ne4 Nxe4 10. Bxe4 Nf6 11. Bd3 b6 12. c3 Bb7 13. Bd2 Qc7 14. Qe2 Rc8
15. O-O O-O 16. Rac1 c5 17. dxc5 Bxc5 18. Be3 Nd5 19. Bxc5 Nf4 20. Qe3 bxc5 21.
Be4 Nd5 22. Qe2 Rfd8 23. Rfd1 Qb6 24. c4 Nb4 25. Bxb7 Qxb7 26. a3 Nc6 27. Rc2
Rxd1+ 28. Qxd1 Rd8 29. Rd2 Rxd2 30. Qxd2 Qe7 31. Kf1 f6 32. Ne1 Kf7 33. Nd3 Qd6
34. Qe3 Nd4 35. b4 Nc2 36. Qe2 Nxa3 37. bxc5 Qd4 38. Qe3 Qxe3 39. fxe3 Nxc4 40.
Ke2 Ke7 41. Nb4 a5 42. Nc6+ Kd7 43. Nd4 Ne5 44. Kd2 Nc6 45. Nb5 Nb4 46. Kc3
Nd5+ 47. Kd4 Nc7 48. Kc4 Nxb5 49. Kxb5 a4 50. Kxa4 Kc6 51. Kb4 f5 52. Kc4 e5
53. g3 g5 54. g4 f4 55. exf4 exf4 56. Kd4 Kb5 57. c6 Kxc6 58. Ke4 Kc5 59. h4
Kc4 60. hxg5 hxg5 61. Kf5 f3 62. Kxg5 f2 63. Kh6 f1=Q 64. g5 Qf7 65. g6 Qg8 0-1

[Event "Summer Cup"]
[Site "Wellington Chess Club"]
[Date "2018.02.08"]
[Round "3.09"]
[White "Theodosiou, Andreas"]
[Black "Farrington, Lawrence"]
[Result "0-1"]
[WhiteElo "1479"]
[BlackElo "1800"]

1. d4 d5 2. c4 Nc6 3. Nf3 Bg4 4. e3 e6 5. Be2 Nf6 6. Nbd2 Bd6 7. a3 O-O 8. b4
b6 9. c5 Be7 10. Bb5 Nb8 11. O-O c6 12. Be2 bxc5 13. bxc5 Nbd7 14. Qa4 Qc7 15.
Rb1 a5 16. Nb3 Ne4 17. Nbd2 Nc3 18. Qc2 Nxb1 19. Qxb1 Rfb8 20. Qc2 Nf6 21. Bb2
Bf5 22. Qc3 Ne4 23. Nxe4 Bxe4 24. Ne5 f6 25. f3 Bg6 26. Nd3 Bd8 27. Nf4 Bf7 28.
Bd3 Qe7 29. e4 Bc7 30. Ne2 e5 31. Qc2 h6 32. Bc1 Rb7 33. f4 exf4 34. Nxf4 Rab8
35. exd5 Bxd5 36. Bh7+ Kf7 37. Nh5 Kf8 38. Nxf6 gxf6 39. Bxh6+ Ke8 40. Qf2 Qxh7
0-1

[Event "Summer Cup"]
[Site "Wellington Chess Club"]
[Date "2018.02.08"]
[Round "3.10"]
[White "Forlong-Ford, Colwyn"]
[Black "Konakanchi, Karthik"]
[Result "0-1"]
[WhiteElo "1719"]
[BlackElo "1519"]

1. e4 e5 2. Nf3 Nc6 3. Bb5 a6 4. Ba4 Bc5 5. d3 Nge7 6. Bg5 f6 7. Bh4 d6 8. Bb3
Bg4 9. c3 d5 10. Nbd2 d4 11. Rc1 dxc3 12. Rxc3 Bb4 13. Qc2 Bxc3 14. Qxc3 Bxf3
15. Nxf3 Qd6 16. O-O O-O-O 17. Rd1 h5 18. Ne1 g5 0-1

[Event "Summer Cup"]
[Site "Wellington Chess Club"]
[Date "2018.02.08"]
[Round "3.14"]
[White "Kierstead, James"]
[Black "Pomeroy, Arthur"]
[Result "0-1"]
[WhiteElo "1143"]
[BlackElo "2092"]

1. e4 c5 2. Nf3 d6 3. Bb5+ Nd7 4. O-O Nf6 5. Nc3 g6 6. d4 cxd4 7. Nxd4 Bg7 8.
Bg5 O-O 9. Bxd7 Bxd7 10. f4 Bc6 11. Qd3 Re8 12. Rae1 Qb6 13. Kh1 Nxe4 14. Nxe4
Qxd4 15. Qxd4 Bxd4 16. c3 Bg7 17. f5 Be5 18. f6 Bxe4 19. Rxe4 exf6 20. Bxf6
Bxf6 21. Rxe8+ Rxe8 22. h3 Kg7 23. g4 Re2 24. Rb1 Be5 25. a4 Rh2+ 26. Kg1 Rxh3
27. b4 Rxc3 28. b5 Rg3+ 29. Kf2 Rxg4 30. a5 Ra4 31. b6 Rxa5 0-1